000 00439cam a2200157ua 4500
041 _aeng
_h
082 _a954.83
_bKOM/AN
100 _aAchyutha Menon, Komattil .
245 _aAncient Kerala: Studies in its history and culture /
_cKomattil Achyutha Menon.
_hTextual Documents
250 _a1 /
_b.
260 _aThrissur :
_bKomattil Achyutha Menon ,
_c1961.
300 _a396 ; .
504 _a
942 _cBK
999 _c5569
_d5569